Central Library OPAC University of Rajshahi

ইংরেজী সাহিত্যের ইতিহাস / (Record no. 52891)

MARC details
000 -LEADER
fixed length control field 01041nam a2200229 a 4500
001 - CONTROL NUMBER
control field 52891
003 - CONTROL NUMBER IDENTIFIER
rucl marc code BD-RjUL
005 - DATE AND TIME OF LATEST TRANSACTION
control field 20211209075857.0
008 - FIXED-LENGTH DATA ELEMENTS--GENERAL INFORMATION
fixed length control field 160928r19691945ii |||| ||| 000 0 ben d
035 ## - SYSTEM CONTROL NUMBER
System control number (BD-RjUL)53011
040 ## - CATALOGING SOURCE
Original cataloging agency BD-RjUL
Language of cataloging ben
Transcribing agency BD-RjUL
Modifying agency BD-RjUL
041 ## - LANGUAGE CODE
Language code of text/sound track or separate title ben
082 ## - DEWEY DECIMAL CLASSIFICATION NUMBER
Edition number 23
Classification number 820.09
Author mark and year BOI 1969
100 1# - MAIN ENTRY--PERSONAL NAME
Personal name বন্দোপাধ্যায়, শ্রীশ্রীকুমার
9 (RLIN) 158128
245 10 - TITLE STATEMENT
Title ইংরেজী সাহিত্যের ইতিহাস /
Statement of responsibility, etc. শ্রীশ্রীকুমার বন্দোপাধ্যায়
246 ## - VARYING FORM OF TITLE
Remainder of title পরি সং .
260 ## - PUBLICATION, DISTRIBUTION, ETC. (IMPRINT)
Place of publication, distribution, etc. কলিকাতা :
Name of publisher, distributor, etc. ওরিয়েন্ট বুক কোম্পানি,
Date of publication, distribution, etc. ১৯৪৫ [ স মুদ্রণ ১৯৬৯]
300 ## - PHYSICAL DESCRIPTION
Pagination [৬] ২৫৪ পৃ.
Size ২১ সেমি.
650 ## - SUBJECT ADDED ENTRY--TOPICAL TERM
Topical term or geographic name as entry element ইংরেজী সাহিত্য
General subdivision ইতিহাস ও সমালোচনা
9 (RLIN) 127099
Topical term or geographic name as entry element Enlish Literature
General subdivision Histtory and criticism
9 (RLIN) 158129
942 ## - ADDED ENTRY ELEMENTS (KOHA)
Source of classification or shelving scheme Dewey Decimal Classification
Koha item type Books
Holdings
Lost status Source of classification or shelving scheme Damaged status Not for loan Collection code Permanent Location Current Location Shelving location Date acquired Source of acquisition Cost, normal purchase price Total Checkouts Full call number Date last seen Copy number Koha item type
  Dewey Decimal Classification     Non-fiction Central Library, University of Rajshahi Central Library, University of Rajshahi   10/10/1974 Jonathan owaren and cong. 10.00   B 820.09 BOI 1969 28/09/2016 C-2 Books